[Event "CHN Team Men 2016"]
[Site "Wuxi CHN"]
[Date "2016.07.30"]
[Round "4.5"]
[Board "1"]
[White "Wang, Yiye"]
[Black "Bu, Xiangzhi"]
[Result "0-1"]
[WhiteTitle "IM"]
[BlackTitle "GM"]
[WhiteElo "2450"]
[BlackElo "2723"]
[WhiteTeam "Heilongjiang Qipai"]
[BlackTeam "Shandong"]
[WhiteFideId "8606021"]
[BlackFideId "8601445"]
[EventDate "2016.07.28"]

1. e4 c5 2. Nf3 Nc6 3. Nc3 g6 4. b3 Bg7 5. Bb2 Nf6 6. Nd5 O-O 7. Nxf6+ exf6 8.
Be2 Re8 9. d3 d5 10. exd5 Qxd5 11. O-O b6 12. Nd2 Nd4 13. Bf3 Nxf3+ 14. Qxf3
Qxf3 15. Nxf3 Re2 16. Rfe1 Rxc2 17. Re8+ Bf8 18. Bc1 Bb7 19. Rxa8 Bxa8 20. Ne1
Re2 21. Be3 Bd6 22. Kf1 Rxe3 23. fxe3 Bxh2 24. Nf3 Bd6 25. Kf2 f5 26. g3 Kg7 27.
Rd1 Kf6 28. d4 Ke7 29. dxc5 Bxc5 30. Ne5 Be4 31. Nd3 Bd6 32. Nf4 g5 33. Nd5+ Ke6
34. Nc3 Bb7 35. Nb5 Bc5 36. Nxa7 f4 37. gxf4 gxf4 38. Nb5 fxe3+ 39. Ke2 f5 40.
b4 Bxb4 41. Kxe3 Ke5 42. Rd8 f4+ 43. Kf2 Bc5+ 44. Kf1 f3 45. Re8+ Kf5 0-1

[Event "CHN Team Men 2016"]
[Site "Wuxi CHN"]
[Date "2016.07.30"]
[Round "4.6"]
[Board "1"]
[White "Zhang, Fuhan"]
[Black "Xu, Xiangyu"]
[Result "0-1"]
[WhiteElo "1911"]
[BlackElo "2466"]
[WhiteTeam "Shanxi Huxiaoling"]
[BlackTeam "Chengdu"]
[WhiteFideId "8616493"]
[BlackFideId "8608288"]
[EventDate "2016.07.28"]

1. e4 c5 2. Nf3 Nc6 3. Nc3 d6 4. d4 cxd4 5. Nxd4 Nf6 6. Bc4 e6 7. Be3 a6 8. Qe2
Qc7 9. O-O-O Bd7 10. Bb3 Rc8 11. g4 Nxd4 12. Rxd4 h5 13. g5 Ng4 14. Rc4 Bc6 15.
Nd5 Qd8 16. Nb6 Rc7 17. f3 Nxe3 18. Qxe3 Be7 19. Rg1 O-O 20. g6 d5 21. exd5 exd5
22. gxf7+ Rxf7 23. Rc3 Bf6 24. Rd3 Rce7 25. Qc5 Re5 26. Nxd5 Kh8 27. f4 Rf5 28.
Re1 Rd7 29. Red1 Bxd5 30. Rxd5 Rdxd5 31. Bxd5 g6 32. Qc4 Rxf4 33. Be4 Bxb2+ 34.
Kxb2 Qxd1 35. Qc3+ Kg8 36. Qc4+ Kg7 37. Qc7+ Rf7 38. Qe5+ Kh7 39. h3 Rd7 40. Qe6
Qd6 41. Bxg6+ Kh6 42. Qf5 Qb4+ 43. Kc1 Qa3+ 0-1

[Event "CHN Team Men 2016"]
[Site "Wuxi CHN"]
[Date "2016.07.30"]
[Round "4.7"]
[Board "1"]
[White "Lin, Yi"]
[Black "Ma, Ling"]
[Result "1-0"]
[WhiteElo "2119"]
[BlackElo "1951"]
[WhiteTeam "Shenzhen Qiyuan"]
[BlackTeam "Shaanxi"]
[WhiteFideId "8609659"]
[BlackFideId "8610533"]
[EventDate "2016.07.28"]

1. d4 Nf6 2. c4 c5 3. d5 e6 4. Nc3 exd5 5. cxd5 d6 6. Nf3 g6 7. Bf4 a6 8. a4 Bg7
9. e4 O-O 10. Nd2 Re8 11. Be2 Qe7 12. O-O Nbd7 13. Bg3 g5 14. Nc4 Ne5 15. Bxe5
dxe5 16. Nb6 Rb8 17. a5 Rd8 18. Rc1 Bd7 19. Qd2 g4 20. Rfd1 Bb5 21. Bc4 Kh8 22.
Qe2 Bh6 23. Rc2 Bxc4 24. Qxc4 Nh5 25. Ne2 Bf8 26. Rcd2 Qd6 27. Qc3 f6 28. Nc4
Qd7 29. d6 Ng7 30. f4 gxf3 31. Qxf3 Qe6 32. b3 Rd7 33. Ng3 Rbd8 34. Rd5 Ne8 35.
Nf5 Ng7 36. Nb6 Rxd6 37. Nxd6 Rxd6 38. Nc4 Rc6 39. Rd8 Kg8 40. R1d7 Rc8 41. Qd3
Rxd8 42. Rxd8 Qe7 43. Qd5+ Ne6 44. Rd6 1-0

[Event "CHN Team Men 2016"]
[Site "Wuxi CHN"]
[Date "2016.07.31"]
[Round "5.2"]
[Board "1"]
[White "Ma, Zhonghan"]
[Black "Zhou, Jianchao"]
[Result "0-1"]
[WhiteTitle "IM"]
[BlackTitle "GM"]
[WhiteElo "2461"]
[BlackElo "2620"]
[WhiteTeam "Qingdao"]
[BlackTeam "Shanghai"]
[WhiteFideId "8607206"]
[BlackFideId "8603537"]
[EventDate "2016.07.28"]

1. Nf3 c5 2. c4 Nf6 3. d4 cxd4 4. Nxd4 e6 5. Nc3 Nc6 6. g3 Qb6 7. Nb3 Ne5 8. e4
Bb4 9. Qe2 d6 10. f4 Nc6 11. Be3 Bxc3+ 12. bxc3 Qc7 13. Bg2 e5 14. c5 b6 15.
cxd6 Qxd6 16. O-O O-O 17. h3 Qa3 18. Qb5 Ba6 19. Qxc6 Rac8 20. Bc1 Qxc1 21.
Rfxc1 Rxc6 22. fxe5 Nd7 23. Nd4 Rg6 24. a4 Rxg3 25. Kh2 Rg6 26. a5 Bc4 27. axb6
axb6 28. Nf3 Re6 29. Rab1 b5 30. Bf1 Nxe5 31. Nd4 Rg6 32. Bxc4 bxc4 33. Rb5 Re8
34. Rcb1 h6 35. Rb8 Rxb8 36. Rxb8+ Kh7 37. Re8 f6 38. Re7 h5 39. h4 Rg4 40. Nf5
Nf3+ 41. Kh3 Ng1+ 42. Kh2 Ne2 43. Kh3 Nxc3 44. Ng3 Nd1 45. e5 Nf2+ 46. Kg2 Ne4
47. exf6 Rxg3+ 48. Kh2 Rg4 0-1

[Event "CHN Team Men 2016"]
[Site "Wuxi CHN"]
[Date "2016.07.31"]
[Round "5.3"]
[Board "1"]
[White "Bu, Xiangzhi"]
[Black "Lu, Shanglei"]
[Result "1/2-1/2"]
[WhiteTitle "GM"]
[BlackTitle "GM"]
[WhiteElo "2723"]
[BlackElo "2611"]
[WhiteTeam "Shandong"]
[BlackTeam "Zhejiang Feiao"]
[WhiteFideId "8601445"]
[BlackFideId "8603332"]
[EventDate "2016.07.28"]

1. Nf3 Nf6 2. c4 c5 3. Nc3 d5 4. cxd5 Nxd5 5. g3 g6 6. Bg2 Bg7 7. O-O Nc6 8. Qa4
Nb6 9. Qb5 Nd7 10. d3 O-O 11. Bd2 a6 12. Qa4 Nb6 13. Qh4 e5 14. Qxd8 Rxd8 15.
Ne4 c4 16. Bg5 Rf8 17. Nf6+ Kh8 18. dxc4 h6 19. Nd5 Nxc4 20. Rac1 hxg5 21. Rxc4
g4 22. Ng5 Bf5 23. h3 gxh3 24. Bxh3 Bxh3 25. Nxh3 Rad8 26. Rd1 Bh6 27. Kg2 Nd4
28. Nc3 Nc6 29. Nd5 Nd4 30. Nc3 Nc6 31. Nd5 1/2-1/2

[Event "CHN Team Men 2016"]
[Site "Wuxi CHN"]
[Date "2016.07.31"]
[Round "5.4"]
[Board "1"]
[White "Xu, Xiangyu"]
[Black "Zeng, Chongsheng"]
[Result "1/2-1/2"]
[BlackTitle "GM"]
[WhiteElo "2466"]
[BlackElo "2552"]
[WhiteTeam "Chengdu"]
[BlackTeam "Guangdong"]
[WhiteFideId "8608288"]
[BlackFideId "8603847"]
[EventDate "2016.07.28"]

1. d4 Nf6 2. c4 e6 3. g3 d5 4. Bg2 Bb4+ 5. Nd2 O-O 6. Nf3 b6 7. O-O Bb7 8. cxd5
Bxd5 9. Qc2 Bxd2 10. Bxd2 Nc6 11. Bc3 a5 12. b3 a4 13. bxa4 Qd6 14. Rfc1 Qa3 15.
Ne5 Bxg2 16. Kxg2 Nxe5 17. dxe5 Nd5 18. a5 bxa5 19. Bd4 Rfc8 20. e4 Nb4 21. Qb3
Qxb3 22. axb3 h5 23. Rc4 g5 24. Bc3 c5 25. h3 Kh7 26. Kf1 Kg6 27. Ke2 Nc2 28.
Ra2 Nb4 29. Ra1 g4 30. hxg4 hxg4 31. Rh1 a4 32. Bxb4 cxb4 33. Rxc8 Rxc8 34. bxa4
Rc2+ 35. Ke3 Ra2 36. Rb1 Rxa4 37. Kf4 Kh5 38. Rh1+ Kg6 39. Rb1 Kh5 40. Rh1+ Kg6
41. Rb1 1/2-1/2

[Event "CHN Team Men 2016"]
[Site "Wuxi CHN"]
[Date "2016.07.31"]
[Round "5.5"]
[Board "1"]
[White "Wan, Yunguo"]
[Black "Dai, Changren"]
[Result "1-0"]
[WhiteTitle "GM"]
[WhiteElo "2481"]
[BlackElo "2351"]
[WhiteTeam "Hebei Ticai"]
[BlackTeam "Tianjing Chunhua"]
[WhiteFideId "8603189"]
[BlackFideId "8608156"]
[EventDate "2016.07.28"]

1. e4 c5 2. Nf3 Nc6 3. d4 cxd4 4. Nxd4 Nf6 5. Nc3 d6 6. Bg5 Bd7 7. Qd2 Rc8 8.
Nxc6 Bxc6 9. f3 e6 10. O-O-O Be7 11. h4 a6 12. h5 h6 13. Bf4 d5 14. e5 Nd7 15.
Ne2 Ba4 16. Nd4 Bc5 17. Nb3 Bxb3 18. axb3 Qc7 19. Qe2 f6 20. Rxd5 O-O 21. Rd2
fxe5 22. Bg3 Qa5 23. Kb1 Bd4 24. Rxd4 exd4 25. Qxe6+ Kh8 26. Qxd7 Qd2 27. Bc7
Qe1+ 28. Ka2 d3 29. Bxd3 Qxh1 30. Be5 Qxg2 31. Bg6 Rg8 32. Bxg7+ Rxg7 33. Qxc8+
Rg8 34. Qxb7 Rxg6 35. hxg6 Qxg6 36. c4 1-0

[Event "CHN Team Men 2016"]
[Site "Wuxi CHN"]
[Date "2016.07.31"]
[Round "5.6"]
[Board "1"]
[White "Wang, Yiye"]
[Black "Lin, Yi"]
[Result "1-0"]
[WhiteTitle "IM"]
[WhiteElo "2450"]
[BlackElo "2119"]
[WhiteTeam "Heilongjiang Qipai"]
[BlackTeam "Shenzhen Qiyuan"]
[WhiteFideId "8606021"]
[BlackFideId "8609659"]
[EventDate "2016.07.28"]

1. e4 e5 2. Bc4 Nf6 3. d3 c6 4. Nf3 d5 5. Bb3 a5 6. a4 Bb4+ 7. c3 Bd6 8. Bg5 Be6
9. O-O Nbd7 10. Re1 O-O 11. Nbd2 Re8 12. d4 Qc7 13. dxe5 Nxe5 14. Bxf6 gxf6 15.
exd5 cxd5 16. Qc2 Ng6 17. Nf1 Be5 18. Nd4 Kh8 19. Kh1 Rg8 20. Rad1 Rae8 21. Ne3
Qd7 22. g3 Bb8 23. f4 Bh3 24. Nxd5 Kg7 25. f5 Rxe1+ 26. Rxe1 Re8 27. Qc1 Rxe1+
28. Qxe1 Bxf5 29. Nb6 1-0

[Event "CHN Team Men 2016"]
[Site "Wuxi CHN"]
[Date "2016.07.31"]
[Round "5.7"]
[Board "1"]
[White "Ma, Ling"]
[Black "Zhang, Fuhan"]
[Result "1-0"]
[WhiteElo "1951"]
[BlackElo "1911"]
[WhiteTeam "Shaanxi"]
[BlackTeam "Shanxi Huxiaoling"]
[WhiteFideId "8610533"]
[BlackFideId "8616493"]
[EventDate "2016.07.28"]

1. e4 c5 2. Nf3 Nc6 3. d4 cxd4 4. Nxd4 e6 5. Nc3 Qc7 6. g3 a6 7. Bg2 Nf6 8. O-O
Nxd4 9. Qxd4 Bc5 10. Bf4 d6 11. Qd3 h6 12. Rad1 e5 13. Be3 Bg4 14. Rd2 Rd8 15.
h3 Be6 16. Kh2 Bb4 17. Rfd1 O-O 18. Qe2 Bxc3 19. bxc3 Bc4 20. Qf3 Nh7 21. a4 b5
22. axb5 Bxb5 23. Qg4 Kh8 24. f4 Qxc3 25. Bb6 Rc8 26. Rxd6 Qxc2 27. R1d2 Qc3 28.
fxe5 Ng5 29. Qh5 Bc6 30. Bd8 Qxe5 31. h4 Bxe4 32. hxg5 Rc3 33. Rxh6+ gxh6 34.
Bf6+ Qxf6 35. gxf6 Bh7 36. Qxh6 Rg8 37. Be4 1-0

[Event "CHN Team Men 2016"]
[Site "Wuxi CHN"]
[Date "2016.08.01"]
[Round "6.2"]
[Board "1"]
[White "Zhou, Jianchao"]
[Black "Bu, Xiangzhi"]
[Result "1/2-1/2"]
[WhiteTitle "GM"]
[BlackTitle "GM"]
[WhiteElo "2620"]
[BlackElo "2723"]
[WhiteTeam "Shanghai"]
[BlackTeam "Shandong"]
[WhiteFideId "8603537"]
[BlackFideId "8601445"]
[EventDate "2016.07.28"]

1. c4 Nf6 2. Nc3 e6 3. d4 Bb4 4. Qb3 c5 5. dxc5 Nc6 6. Bg5 h6 7. Bxf6 Qxf6 8.
Nf3 Bxc5 9. e3 b6 10. Bd3 Bb7 11. Ne4 Bb4+ 12. Ke2 Qe7 13. a3 Bc5 14. Nxc5 Qxc5
15. Qc3 O-O 16. Rhd1 a5 17. Kf1 Rfd8 18. Be2 Ne7 19. Rac1 d5 20. cxd5 Qxc3 21.
Rxc3 Nxd5 22. Rcc1 Rac8 23. Ke1 Kf8 24. Nd4 Rxc1 25. Rxc1 Nf4 26. exf4 Rxd4 27.
g3 Ke7 28. Rc7+ Rd7 29. Rxd7+ Kxd7 30. h4 Kd6 31. Kd2 1/2-1/2

[Event "CHN Team Men 2016"]
[Site "Wuxi CHN"]
[Date "2016.08.01"]
[Round "6.3"]
[Board "1"]
[White "Li, Chao b"]
[Black "Ma, Zhonghan"]
[Result "1-0"]
[WhiteTitle "GM"]
[BlackTitle "IM"]
[WhiteElo "2758"]
[BlackElo "2461"]
[WhiteTeam "Beijing Beiao"]
[BlackTeam "Qingdao"]
[WhiteFideId "8604436"]
[BlackFideId "8607206"]
[EventDate "2016.07.28"]

1. e4 e5 2. Nf3 Nc6 3. Bb5 Nf6 4. d3 Bc5 5. Bxc6 dxc6 6. Nbd2 O-O 7. Qe2 Nd7 8.
Nc4 Bd6 9. Bd2 Re8 10. h4 Nf8 11. h5 h6 12. O-O-O Qf6 13. Rdg1 b5 14. Ne3 Qe6
15. Kb1 Nh7 16. Nf5 Bf8 17. N3h4 Qf6 18. g4 Ng5 19. Nf3 Nxf3 20. Qxf3 Bxf5 21.
gxf5 Kh7 22. Qg4 Bd6 23. Rg2 Rg8 24. Qh3 Kh8 25. Rhg1 Rae8 26. Be3 Be7 27. Rg4
c5 28. Qh2 a6 29. f3 c4 30. dxc4 bxc4 31. Qd2 Rd8 32. Qc3 Qc6 33. a3 Bf6 34.
R4g2 Kh7 35. b3 Rb8 36. Ka1 Rgd8 37. Qxc4 Qxc4 38. bxc4 c6 39. Rd2 Be7 40. Rxd8
Rxd8 41. Kb2 Bg5 42. Bxg5 hxg5 43. Rxg5 Kh6 44. Rg1 Rd2 45. c5 Rf2 46. Rd1 Rxf3
47. Rd6+ Kxh5 48. Rxc6 Kg5 49. Rxa6 Rh3 50. f6 gxf6 51. Ra8 f5 52. c6 Rh6 53. c7 1-0

[Event "CHN Team Men 2016"]
[Site "Wuxi CHN"]
[Date "2016.08.01"]
[Round "6.5"]
[Board "1"]
[White "Zhang, Fuhan"]
[Black "Zeng, Chongsheng"]
[Result "1-0"]
[BlackTitle "GM"]
[WhiteElo "1911"]
[BlackElo "2552"]
[WhiteTeam "Shanxi Huxiaoling"]
[BlackTeam "Guangdong"]
[WhiteFideId "8616493"]
[BlackFideId "8603847"]
[EventDate "2016.07.28"]

1. e4 c6 2. d4 d5 3. f3 dxe4 4. fxe4 e5 5. Nf3 exd4 6. Bc4 Nf6 7. Ng5 Be6 8.
Bxe6 fxe6 9. e5 Qa5+ 10. Kf2 h6 11. Nxe6 Ne4+ 12. Kf3 Nd7 13. Qxd4 Nec5 14. Rd1
Rd8 15. Nxd8 Qxd8 16. b4 Ne6 17. Qe4 Qc7 18. Bf4 Ng5+ 19. Bxg5 Nxe5+ 20. Kf2
hxg5 21. Re1 Bd6 22. Nd2 O-O+ 23. Kg1 Rf4 24. Qe3 Rxb4 25. c4 Qb6 26. Qxb6 axb6
27. Ne4 Be7 28. Rad1 Ng6 29. Nd6 Rb2 30. g3 Rxa2 31. Re6 Kh7 32. Nxb7 b5 33. c5
Bf6 34. Nd8 Ne5 35. Rxe5 Bxe5 36. Nxc6 Bf6 37. Rc1 Rb2 38. Nb8 Bd4+ 39. Kh1 Be5
40. Nd7 Bc7 41. Nf8+ Kh6 42. Ne6 Ba5 43. c6 b4 44. c7 Bxc7 45. Rxc7 Kg6 46. Nd4
Kf6 47. Rc5 Rd2 48. Rf5+ Kg6 49. Rxg5+ Kh6 50. Rd5 Kh7 51. Rh5+ Kg6 52. Rh4 Rb2
53. Nc6 b3 54. Rb4 Rb1+ 55. Kg2 Kf6 56. Na5 b2 57. Nc4 1-0

[Event "CHN Team Men 2016"]
[Site "Wuxi CHN"]
[Date "2016.08.01"]
[Round "6.6"]
[Board "1"]
[White "Lin, Yi"]
[Black "Wan, Yunguo"]
[Result "1/2-1/2"]
[BlackTitle "GM"]
[WhiteElo "2119"]
[BlackElo "2481"]
[WhiteTeam "Shenzhen Qiyuan"]
[BlackTeam "Hebei Ticai"]
[WhiteFideId "8609659"]
[BlackFideId "8603189"]
[EventDate "2016.07.28"]

1. d4 g6 2. e4 Bg7 3. Nc3 d6 4. h3 a6 5. a4 Nf6 6. Nf3 O-O 7. Be2 b6 8. Be3 Bb7
9. Nd2 Nbd7 10. O-O e6 11. Bf3 Rb8 12. Qe2 h6 13. Rfd1 Qe7 14. g3 e5 15. d5 Nh7
16. g4 Bc8 17. Bg2 f5 18. exf5 gxf5 19. gxf5 Ndf6 20. Nde4 Bxf5 21. Ng3 Bc8 22.
Qd3 Ng5 23. Bxg5 hxg5 24. Qg6 g4 25. Nf5 Qd7 26. Nh6+ Kh8 27. Rd3 Qe8 28. Qxe8
Rxe8 29. Nxg4 Nxg4 30. hxg4 Bxg4 31. Bh3 e4 32. Rg3 Bxc3 33. Rxc3 Rg8 34. Bxg4
Rxg4+ 35. Kf1 Rf8 36. Ke2 Rf7 37. Raa3 Rgf4 38. Rh3+ Kg7 39. f3 R7f5 40. c4 b5
41. axb5 axb5 42. cxb5 Rxd5 43. Rc3 Rxb5 44. Rxc7+ Kg6 45. Ke3 Rxf3+ 46. Rxf3
exf3 47. Kxf3 Rxb2 48. Rc6 Rd2 49. Ke3 Rd1 50. Rc4 Kf5 51. Rd4 Re1+ 52. Kd3 Ke5
53. Rh4 Rd1+ 54. Ke3 Kd5 55. Rg4 Kc5 56. Rh4 Ra1 57. Kd3 d5 58. Rg4 Ra3+ 59. Kd2
d4 60. Rg8 1/2-1/2

[Event "CHN Team Men 2016"]
[Site "Wuxi CHN"]
[Date "2016.08.01"]
[Round "6.7"]
[Board "1"]
[White "Ma, Ling"]
[Black "Wang, Hao"]
[Result "0-1"]
[BlackTitle "GM"]
[WhiteElo "1951"]
[BlackElo "2734"]
[WhiteTeam "Shaanxi"]
[BlackTeam "Heilongjiang Qipai"]
[WhiteFideId "8610533"]
[BlackFideId "8602883"]
[EventDate "2016.07.28"]

1. e4 c5 2. Nf3 d6 3. d4 cxd4 4. Nxd4 Nf6 5. Nc3 a6 6. g3 e5 7. Nde2 Be7 8. Bg2
O-O 9. O-O Be6 10. a4 Qc7 11. h3 Nc6 12. Bg5 Nb4 13. Qd2 Rfd8 14. Bxf6 Bxf6 15.
Nd5 Nxd5 16. exd5 Bd7 17. a5 Re8 18. b3 e4 19. Rae1 Qc5 20. Kh2 Rac8 21. Rc1 e3
22. fxe3 Qxe3 23. Qxe3 Rxe3 24. Nf4 Be5 25. Rf3 Rxf3 26. Bxf3 Bb2 27. Re1 Rxc2+
28. Bg2 Kf8 29. Re4 Bb5 0-1

[Event "CHN Team Men 2016"]
[Site "Wuxi CHN"]
[Date "2016.08.02"]
[Round "7.2"]
[Board "1"]
[White "Bu, Xiangzhi"]
[Black "Li, Chao b"]
[Result "1/2-1/2"]
[WhiteTitle "GM"]
[BlackTitle "GM"]
[WhiteElo "2723"]
[BlackElo "2758"]
[WhiteTeam "Shandong"]
[BlackTeam "Beijing Beiao"]
[WhiteFideId "8601445"]
[BlackFideId "8604436"]
[EventDate "2016.07.28"]

1. Nf3 d5 2. d4 Bf5 3. Bf4 Nf6 4. e3 e6 5. Bd3 Ne4 6. Nfd2 Nxd2 7. Qxd2 Bxd3 8.
Qxd3 c6 9. O-O Bd6 10. Bxd6 Qxd6 11. Qb3 b6 12. c4 O-O 13. Nc3 Nd7 14. cxd5 exd5
15. Rac1 a5 16. Na4 Rab8 17. h3 Rfc8 18. Qd3 Qb4 19. Qc2 h6 20. Rfd1 Qd6 21. Qd3
Qb4 22. Qc2 Qd6 23. Qd3 Qb4 24. Qc2 1/2-1/2

[Event "CHN Team Men 2016"]
[Site "Wuxi CHN"]
[Date "2016.08.02"]
[Round "7.3"]
[Board "1"]
[White "Zeng, Chongsheng"]
[Black "Zhou, Jianchao"]
[Result "0-1"]
[WhiteTitle "GM"]
[BlackTitle "GM"]
[WhiteElo "2552"]
[BlackElo "2620"]
[WhiteTeam "Guangdong"]
[BlackTeam "Shanghai"]
[WhiteFideId "8603847"]
[BlackFideId "8603537"]
[EventDate "2016.07.28"]

1. d4 Nf6 2. c4 e6 3. g3 c5 4. Nf3 cxd4 5. Nxd4 Qc7 6. Nd2 a6 7. Bg2 Nc6 8. Nxc6
dxc6 9. O-O e5 10. Qc2 Be7 11. b3 O-O 12. Bb2 Re8 13. h3 Be6 14. Rad1 Rad8 15.
Kh2 Nd7 16. Nf3 f6 17. Nh4 Nf8 18. Be4 Rxd1 19. Rxd1 Rd8 20. g4 Rxd1 21. Qxd1 g6
22. Kg2 Qc8 23. Qd3 Bxg4 24. Nxg6 hxg6 25. hxg4 Qxg4+ 26. Kf1 Kf7 27. Bg2 Qd7
28. Qc2 Ne6 29. Bh3 Qd6 30. Bc1 Bd8 31. c5 Qe7 32. e4 Nxc5 33. Ba3 Bb6 34. Kg2
a5 35. Bc8 Kg7 36. Bxb7 Qxb7 37. Bxc5 Bc7 38. Qd3 Qc8 39. f3 f5 40. a4 fxe4 41.
Qxe4 Qd7 42. b4 Qd2+ 43. Kh3 Qh6+ 44. Qh4 Qxh4+ 45. Kxh4 Kf6 46. Kg4 Bd8 47.
bxa5 Bxa5 48. Ba3 Bc3 49. f4 e4 50. Bc5 Ba5 51. Bd4+ Ke6 52. Be3 Kd5 53. Kg5 Kc4
54. Kxg6 Kd3 55. Bc5 e3 56. Kf5 e2 57. Bf2 c5 58. Ke5 c4 59. f5 e1=Q+ 60. Bxe1
Bxe1 61. f6 Bc3+ 0-1

[Event "CHN Team Men 2016"]
[Site "Wuxi CHN"]
[Date "2016.08.02"]
[Round "7.4"]
[Board "1"]
[White "Wang, Hao"]
[Black "Xu, Xiangyu"]
[Result "1/2-1/2"]
[WhiteTitle "GM"]
[WhiteElo "2734"]
[BlackElo "2466"]
[WhiteTeam "Heilongjiang Qipai"]
[BlackTeam "Chengdu"]
[WhiteFideId "8602883"]
[BlackFideId "8608288"]
[EventDate "2016.07.28"]

1. e4 e5 2. Nf3 Nf6 3. Nxe5 d6 4. Nf3 Nxe4 5. Nc3 Nxc3 6. dxc3 Be7 7. Be3 Nc6 8.
Qd2 Be6 9. O-O-O Qd7 10. h4 h6 11. b3 Rg8 12. g3 Bg4 13. Be2 O-O-O 14. Nd4 Bxe2
15. Nxe2 Bf6 16. Nf4 Rge8 17. Nd5 Qf5 18. Kb2 Re6 19. Qe2 Nd4 20. Qc4 Qxc2+ 21.
Ka1 Nc6 22. Rd2 Qf5 23. Bxa7 Rde8 24. Be3 Re4 25. Qd3 R4e5 26. Kb2 Qxd3 27. Rxd3
Rf5 28. Rhd1 h5 29. Nf4 g6 30. a3 Bg7 31. Kc2 Bh6 32. Rd5 Ne7 33. R5d3 Nc6 34.
c4 b6 35. R1d2 Ne5 36. Rd5 Rf6 37. Ng2 Bxe3 38. Nxe3 Nf3 39. Rd1 1/2-1/2

[Event "CHN Team Men 2016"]
[Site "Wuxi CHN"]
[Date "2016.08.02"]
[Round "7.5"]
[Board "1"]
[White "Wan, Yunguo"]
[Black "Zhang, Fuhan"]
[Result "1-0"]
[WhiteTitle "GM"]
[WhiteElo "2481"]
[BlackElo "1911"]
[WhiteTeam "Hebei Ticai"]
[BlackTeam "Shanxi Huxiaoling"]
[WhiteFideId "8603189"]
[BlackFideId "8616493"]
[EventDate "2016.07.28"]

1. d4 Nf6 2. c4 g6 3. Nc3 Bg7 4. Nf3 O-O 5. Bg5 d6 6. e3 Nbd7 7. h3 e5 8. Be2
Re8 9. O-O h6 10. Bh4 g5 11. Bg3 e4 12. Nd2 Nf8 13. b4 c6 14. Rc1 b6 15. d5 Bb7
16. dxc6 Bxc6 17. Nb3 d5 18. Nd4 Bb7 19. Ncb5 dxc4 20. Nc7 Rc8 21. Nxe8 Qxe8 22.
Bxc4 Nd5 23. Nf5 Nc3 24. Rxc3 Bxc3 25. Bxf7+ Kxf7 26. Nd6+ Kg7 27. Nxe8+ Rxe8
28. Qa4 Re7 29. Rc1 Bf6 30. Qxa7 Ne6 31. Qxb6 1-0

[Event "CHN Team Men 2016"]
[Site "Wuxi CHN"]
[Date "2016.08.02"]
[Round "7.6"]
[Board "1"]
[White "Ma, Zhonghan"]
[Black "Lin, Yi"]
[Result "0-1"]
[WhiteTitle "IM"]
[WhiteElo "2461"]
[BlackElo "2119"]
[WhiteTeam "Qingdao"]
[BlackTeam "Shenzhen Qiyuan"]
[WhiteFideId "8607206"]
[BlackFideId "8609659"]
[EventDate "2016.07.28"]

1. d4 Nf6 2. c4 g6 3. Nf3 Bg7 4. g3 c6 5. Bg2 d5 6. cxd5 cxd5 7. Nc3 Ne4 8. Ng5
Nxc3 9. bxc3 O-O 10. O-O Nc6 11. e4 dxe4 12. Nxe4 Bd7 13. Re1 Rc8 14. Bg5 h6 15.
Bf4 Bf5 16. h4 b6 17. Qd2 Kh7 18. Qe3 Na5 19. h5 g5 20. Nxg5+ hxg5 21. Bxg5 f6
22. h6 Bh8 23. Qxe7+ Qxe7 24. Rxe7+ Kg6 25. Bf4 Rxc3 26. Rae1 Rcc8 27. Rxa7 Nc6
28. Rb7 Nxd4 29. Ree7 Bg4 30. Be3 Nf3+ 31. Kh1 Rfd8 32. Bf1 Rd5 33. Kg2 Ne1+ 34.
Kg1 Rh5 35. Bg2 Nf3+ 36. Kf1 Rd8 37. Rg7+ Bxg7 38. Rxg7+ Kf5 39. Rxg4 Kxg4 40.
Ke2 Ng1+ 41. Ke1 Rb5 42. Be4 Nf3+ 0-1

[Event "CHN Team Men 2016"]
[Site "Wuxi CHN"]
[Date "2016.08.02"]
[Round "7.7"]
[Board "1"]
[White "Yu, Lie"]
[Black "Ma, Ling"]
[Result "1-0"]
[WhiteTitle "IM"]
[WhiteElo "2321"]
[BlackElo "1951"]
[WhiteTeam "Zhejiang Feiao"]
[BlackTeam "Shaanxi"]
[WhiteFideId "8603715"]
[BlackFideId "8610533"]
[EventDate "2016.07.28"]

1. d4 Nf6 2. c4 c5 3. d5 e6 4. Nc3 exd5 5. cxd5 d6 6. e4 g6 7. Nf3 Bg7 8. Bg5
O-O 9. Be2 Bg4 10. O-O Bxf3 11. Bxf3 Nbd7 12. Qc2 a6 13. a4 Qe7 14. Be2 h6 15.
Bh4 g5 16. Bg3 Rfe8 17. Rae1 Ne5 18. h3 Ng6 19. Bf3 Nd7 20. Nd1 Be5 21. Ne3 Nf4
22. Bg4 Nf6 23. Nf5 Qf8 24. Bh2 h5 25. Bf3 b5 26. Qd2 h4 27. g3 hxg3 28. Bxg3
Nxh3+ 29. Kh2 Nf4 30. Rg1 Kh8 31. Rh1 bxa4 32. Bxf4 Bxf4+ 33. Kg2+ Kg8 34. Qd3
Re5 35. Rh3 Rxf5 36. exf5 g4 37. Bxg4 Nxg4 38. Qf3 Qg7 39. Qxf4 Ne3+ 40. Kf3
Qg2+ 41. Kxe3 Qxh3+ 42. Kd2 Kh7 43. Qe4 Qh6+ 44. Kc2 Kg8 45. Qe7 Qh3 46. Kd2 Rb8
47. Qg5+ Kh7 48. Qf6 Qh6+ 1-0

[Event "CHN Team Men 2016"]
[Site "Wuxi CHN"]
[Date "2016.08.03"]
[Round "8.2"]
[Board "1"]
[White "Zhou, Jianchao"]
[Black "Yu, Lie"]
[Result "1-0"]
[WhiteTitle "GM"]
[BlackTitle "IM"]
[WhiteElo "2620"]
[BlackElo "2321"]
[WhiteTeam "Shanghai"]
[BlackTeam "Zhejiang Feiao"]
[WhiteFideId "8603537"]
[BlackFideId "8603715"]
[EventDate "2016.07.28"]

1. c4 c6 2. d4 d5 3. Nf3 Nf6 4. Nc3 dxc4 5. a4 Bf5 6. Ne5 Nbd7 7. Nxc4 Nb6 8.
Ne5 a5 9. h4 h6 10. f3 Nfd7 11. e4 Bh7 12. Be3 e6 13. Nd3 Bd6 14. Bf2 O-O 15.
Qb3 Qe7 16. Be2 Kh8 17. g4 f5 18. e5 Bb4 19. g5 c5 20. dxc5 Nd5 21. f4 Nxc3 22.
bxc3 Nxc5 23. Qc4 Nxd3+ 24. Qxd3 Bc5 25. Qg3 Bxf2+ 26. Kxf2 Qc5+ 27. Qe3 Qxe3+
28. Kxe3 Rac8 29. c4 Bg6 30. Rhb1 hxg5 31. hxg5 Rf7 32. Rb6 Re7 33. Rab1 Be8 34.
Rxb7 Rxb7 35. Rxb7 Bxa4 36. Ra7 Bb3 37. g6 a4 38. c5 Bd5 39. Bf3 Bxf3 40. Kxf3
Kg8 41. Ke3 Kf8 42. Kd4 Rd8+ 43. Kc4 Rd1 44. c6 Rc1+ 45. Kb5 Ke8 46. Rxg7 a3 47.
Ra7 Rb1+ 48. Kc5 Rg1 49. Kd6 1-0